000 00705cam a22002531 4500
001 9811145
003 GBCCL
005 20241126110423.0
008 840308s1957 tnu 000 0 eng
010 _a 57012143
035 _a(OCoLC)10497468
040 _aDLC
_cTxHBC
_dDLC
042 _apremarc
050 0 0 _aBV2090
_b.H65
082 _a266.007
_bHOW
100 1 _aHowse, William Lewis,
_d1905-
_94553
245 1 4 _aThe Sunday school and missions.
260 _aNashville,
_bConvention Press
_c[1957]
300 _a146 p.
_c19 cm.
650 0 _aMissions
_xStudy and teaching.
_94554
650 0 _aSunday schools.
_94555
906 _a7
_bcbc
_coclcrpl
_du
_encip
_f19
_gy-gencatlg
942 _2ddc
_cBK
_05
999 _c2220
_d2220